LEADER 00946nam0-2200337---450- 001 990009281310403321 005 20160303162741.0 010 $a978-88-430-5264-6 035 $a000928131 035 $aFED01000928131 035 $a(Aleph)000928131FED01 035 $a000928131 100 $a20101117d2010----km-y0itay50------ba 101 0 $aita 102 $aIT 105 $a--------001cy 200 1 $aAdvermarketing$enuove forme di comunicazione d'impresa$fDaniele Pitteri, Anna Pellegrino 210 $aRoma$cCarocci$d2010 215 $a127 p.$ctab.$d20 cm 225 1 $a<>bussole 320 $aContiene bibl. 610 0 $aMarketing$aUso di internet 676 $a658.8002854678$v22$zita 700 1$aPittèri,$bDaniele$0382883 701 1$aPellegrino,$bAnna$0508739 801 0$aIT$bUNINA$gRICA$2UNIMARC 901 $aBK 912 $a990009281310403321 952 $a658.8 PIT 1$b4696$fBFS 959 $aBFS 997 $aUNINA LEADER 00995nam0-22003251i-450- 001 990008129900403321 005 20050614142451.0 010 $a88-464-5651-3 035 $a000812990 035 $aFED01000812990 035 $a(Aleph)000812990FED01 035 $a000812990 100 $a20050614d2004----km-y0itay50------ba 101 0 $aita 102 $aIT 200 1 $aForze armate$efemminile plurale$eil femminile e il maschile del militare nella transizione dalla comunita maschile al sistema di genere$fFatima Farina 210 $aMilano$cFrancoAngeli$d[2004] 215 $a304 p.$d23 cm 225 1 $aCollana di sociologia$v443 610 0 $aForze armate$aSociologia 610 0 $aDonna$aServizio militare 676 $a355.22082$v21$zita 700 1$aFarina,$bFatima$0497980 801 0$aIT$bUNINA$gRICA$2UNIMARC 901 $aBK 912 $a990008129900403321 952 $aCollez. 139 (443)$b41382$fFSPBC 959 $aFSPBC 996 $aForze armate$9755735 997 $aUNINA